Outra vez! (Registo nº 202007)

Detalhes MARC
000 -Etiqueta do registo
Valores 00640nam 22002173 4500
010 ## - Número ISBN
ISBN 978-972-24-1724-2
021 ## - Número do Depósito Legal
Código do país Portugal
Número 329048/11
100 ## - Dados gerais de processamento
Dados gerais 20260430d u||y0pory50 ba
200 ## - Titulo e menção de responsabilidade
Título próprio Outra vez!
Primeira menção de responsabilidade autora e ilustradora Emily Gravett
Outras menções de responsabilidade tradução Susana Baeta
205 ## - Menção da edição
Edição
210 ## - Publicação
Local de publicação Lisboa
Nome do editor Livros Horizonte
Data de publicação 2011
215 ## - Descrição física 
Paginação / Volumes [28] p.
Outras indicações físicas il. ; encadernado
Dimensões 27 cm
300 ## - Notas gerais 
Texto da nota Plano Nacional de Leitura - Ler+
606 ## - Nome comum usado como assunto
ID Autoridade 2
Palavra de ordem Literatura Infantil Inglesa
675 ## - CDU
Notação 821.111-3
Edição PT
Língua por
700 ## - Autor principal (pessoa individual)
ID Autoridade 180
Apelido Gravett
Nome Emily
Datas 1972-
801 ## - Fonte de origem
País PT
Agência BMMN
Regras de catalogação RPC
830 ## - Notas gerais do catalogador
Criado por Isabel
990 ## - Elementos KOHA
Tipo de documento Livro
Exemplares
Situação do levantamento Biblioteca de origem Código de barras Cota Permissão de empréstimo Tipo de documento Forma de aquisição
  Biblioteca Municipal de Montemor-o-Novo 31421 821.111-93 GRA|AIJ   Livro Oferta

Powered by Koha